00206nam a2200085Ia 4500001000800000005001700008008004100025245003600066260001800102117418620250827012627.0250824s9999 xx 000 0 und d 0aKORKUSUZ RONALDOcDIEGO ROBERTO bDOKUZ ÇOCUK